Housing health and safety system consultation (Record no. 73996)
[ view plain ]
| 000 -LEADER | |
|---|---|
| fixed length control field | 01207cam a2200205 4500 |
| 001 - CONTROL NUMBER | |
| control field | WB4001-17 |
| 008 - FIXED-LENGTH DATA ELEMENTS--GENERAL INFORMATION | |
| fixed length control field | 031222n2003 000 0 eng u |
| 035 ## - SYSTEM CONTROL NUMBER | |
| System control number | (Sirsi) u124682 |
| 245 ## - TITLE STATEMENT | |
| Title | Housing health and safety system consultation |
| 260 ## - PUBLICATION, DISTRIBUTION, ETC. | |
| Date of publication, distribution, etc. | 2003 |
| 490 ## - SERIES STATEMENT | |
| Series statement | ODPM News Release |
| Volume/sequential designation | (2003/0281) 22 December 2003 (2) |
| 520 ## - SUMMARY, ETC. | |
| Summary, etc. | The ODPM is consulting on the ways councils will use the new evidence based Housing Health and Safety Rating System (HHSRS) to tackle housing in poor conditions. HHSRS will replace the current Fitness Standard, which fails to cover all domestic health and safety problems and gives no indication of the seriousness of the problems. The guidance for councils will enforce the new regimes under the Housing Bill Part I. Deadline for replies is 26 March 2004. The consultation is available at http://www.odpm.gov.uk/stellent/groups/odpm_control/documents/contentservertemplate/odpm_index.hcst?n=920&l=1. http://www.odpm.gov.uk/pns/DisplayPN.cgi?pn_id=2003_0281 |
| 590 ## - LOCAL NOTE (RLIN) | |
| Local note | WB |
| 650 ## - SUBJECT ADDED ENTRY--TOPICAL TERM | |
| Topical term or geographic name entry element | HOUSING BILL |
| 650 ## - SUBJECT ADDED ENTRY--TOPICAL TERM | |
| Topical term or geographic name entry element | SOCIAL HOUSING |
| 650 ## - SUBJECT ADDED ENTRY--TOPICAL TERM | |
| Topical term or geographic name entry element | HOUSING HEALTH AND SAFETY SYSTEM |
| 650 ## - SUBJECT ADDED ENTRY--TOPICAL TERM | |
| Topical term or geographic name entry element | FITNESS STANDARDS |
| 690 ## - LOCAL SUBJECT ADDED ENTRY--TOPICAL TERM (OCLC, RLIN) | |
| Topical term or geographic name as entry element | Health and safety |
| 9 (RLIN) | 6244 |
| 942 ## - ADDED ENTRY ELEMENTS (KOHA) | |
| Suppress in OPAC | 0 |
| Withdrawn status | Lost status | Source of classification or shelving scheme | Damaged status | Not for loan | Home library | Current library | Shelving location | Date acquired | Total Checkouts | Full call number | Barcode | Date last seen | Copy number | Price effective from | Koha item type |
|---|---|---|---|---|---|---|---|---|---|---|---|---|---|---|---|
| Dewey Decimal Classification | London | London | News article | 22/12/2003 | WB4001-17 | 124682-1001 | 06/08/2019 | 1 | 06/08/2019 | News article |